Loading...
| Science - Biology | 0 | 8 | 2 | 0 | 70 | 39 | 62.00 | 5 | 8 | 31.86 | 65.91 |
| Science - Physics | 0 | 7 | 2 | 0 | 60 | 41 | 69.14 | 6 | 7 | 27.43 | 59.09 |
| Science - Other | 0 | 7 | 2 | 0 | 60 | 39 | 71.71 | 5 | 7 | 25.80 | 59.09 |
| Science - Chemistry | 0 | 6 | 1 | 0 | 55 | 41 | 67.67 | 5 | 6 | 21.39 | 45.45 |
| History - World | 0 | 5 | 0 | 0 | 50 | 31 | 77.40 | 4 | 5 | 19.11 | 43.18 |
| Mythology | 0 | 3 | 0 | 1 | 30 | 35 | 100.00 | 1 | 2 | 6.52 | 11.36 |
| Philosophy | 0 | 3 | 0 | 0 | 30 | 79 | 95.33 | 1 | 3 | 7.02 | 20.45 |
| Social Science | 0 | 3 | 1 | 0 | 25 | 44 | 69.00 | 1 | 2 | 10.15 | 20.45 |
| Religion | 0 | 2 | 0 | 0 | 20 | 98 | 99.50 | 0 | 2 | 2.71 | 11.36 |
| History - European | 0 | 2 | 0 | 0 | 20 | 48 | 60.50 | 1 | 2 | 9.04 | 13.64 |
| Fine Arts - Painting and Sculpture | 0 | 1 | 0 | 0 | 10 | 97 | 97.00 | 0 | 1 | 2.26 | 4.55 |
| History - American | 0 | 1 | 0 | 0 | 10 | 60 | 60.00 | 0 | 1 | 4.99 | 4.55 |
| History - Other | 0 | 1 | 0 | 0 | 10 | 68 | 68.00 | 1 | 1 | 4.30 | 9.09 |
| Current Events | 0 | 1 | 0 | 1 | 10 | 121 | 121.00 | 0 | 1 | 2.07 | 16.67 |
| Fine Arts - Other | 0 | 0 | 1 | 0 | -5 | 0.00 | 0 | 0 | 0.00 | 0.00 |